| 000 | 00616nam a2200217 a 4500 | ||
|---|---|---|---|
| 005 | 20160129093653.0 | ||
| 008 | 160127b1981 sp ||||gr|||| 00| 0 spa d | ||
| 040 |
_aCO-BoIAVH _cCO-BoIAVH |
||
| 041 | _aspa | ||
| 090 |
_aRE _b00052 |
||
| 100 | 1 |
_aHorta Massanes, Joaquim _954886 |
|
| 245 | 1 | _aDiccionario de sinónimos e ideas afines y de la rima | |
| 250 | _a3 ed. | ||
| 260 |
_aMadrid _bEditorial Paraninfo _c1981 |
||
| 300 |
_a363 paginas. _c21 x 15 cm |
||
| 650 | 6 |
_aDiccionarios _955362 |
|
| 650 | 6 |
_aLengua española _955363 |
|
| 650 | 6 |
_aSinónimos _954835 |
|
| 650 | 6 |
_aRima _954889 |
|
| 942 |
_cReferencia _2z |
||
| 999 |
_c1747 _d1747 |
||